01806nam a2200349Ia 4500001001200000003000800012006001900020007001500039008004100054010001700095020001500112020001500127040002100142035002100163050002300184100002900207245012400236260005100360300003000411490007200441504006400513505040200577533015200979650001801131650002101149650002201170655002901192710001701221830007301238856012601311999001901437ebr10124664CaPaEBRm u cr cn|||||||||030612s2004 nyuab sb 001 0 eng d z 2003055285 z0511187270 z0521820871 aCaPaEBRcCaPaEBR a(OCoLC)56010674814aGN285b.F55 2004eb1 aFinlayson, Clive,d1955-10aNeanderthals and modern humansh[electronic resource] :ban ecological and evolutionary perspective /cClive Finlayson. aNew York :bCambridge University Press,c2004. ax, 255 p. :bill. , maps.1 aCambridge studies in biological and evolutionary anthropology ;v38 aIncludes bibliographical references (p. 209-247) and index.0 aHuman evolution in the Pleistocene -- Biogeographical patterns -- Human range expansions, contractions and extinctions -- The modern human : Neanderthal problem -- Comparative behaviour and ecology of Neanderthals and modern humans -- The conditions in Africa and Eurasia during the last glacial cycle -- The modern human colonisation and the Neanderthal extinction -- The survival of the weakest. aElectronic reproduction.bPalo Alto, Calif. :cebrary,d2009.nAvailable via World Wide Web.nAccess may be limited to ebrary affiliated libraries. 0aNeanderthals. 0aHuman evolution. 0aSocial evolution. 7aElectronic books.2local2 aebrary, Inc. 0aCambridge studies in biological and evolutionary anthropology ;v38.40uhttp://site.ebrary.com/lib/rucke/Doc?id=10124664zAn electronic book accessible through the World Wide Web; click to view c108984d108984